Lebuhraya Utara - Selatan : kesannya keatas pembangunan negara

Bibliographic Details
Main Author: Rasidah binti Isnin
Corporate Author: INSPEN
Format: Book
Published: Bangi : INSPEN , 1994
Subjects:
Online Access:http://app.inspen.gov.my:7779/pls/portal/docs/PAGE/CORPORATEPAGES/PORTAL_INSPEN/LAPORAN_PENYELIDIKAN_DI_PERPUSTAKAAN/FZ.PDF

MARC

LEADER 00000cam a2200000 7i4500
001 0000007437
005 20070905.0
040 |a INS 
090 0 0 |a RESEARCH 55 
100 0 |a Rasidah binti Isnin 
245 1 0 |a Lebuhraya Utara - Selatan :   |b kesannya keatas pembangunan negara   |c oleh Rasidah binti Isnin 
260 |a Bangi :   |b INSPEN ,   |c 1994 
300 |c 30cm. 
500 |a Digital document is available on-line; Please click the URL below 
650 0 0 |a Highways 
710 2 |a INSPEN 
856 |u http://app.inspen.gov.my:7779/pls/portal/docs/PAGE/CORPORATEPAGES/PORTAL_INSPEN/LAPORAN_PENYELIDIKAN_DI_PERPUSTAKAAN/FZ.PDF 
999 |a RES0000114   |b BOOK   |c Research By JPPH Staff   |e Default branch